#5 Soccer World Cup Participant ? - Statistics

General Stats
  • This quiz has been taken 38 times
  • The average score is 5 of 6
Answers on the Grid
Answers color-coded by a green-red scale on the quiz's grid according to % correct below.
Egypt
Ethiopia
Malaysia
Fiji
South Africa
Cuba
Senegal
Peru
Guyana
Ireland
Laos
Montenegro
Grenada
The Bahamas
Taiwan/ ROC
 
Answer Stats
Answer % Correct
Senegal
96%
South Africa
96%
Ireland
92%
Egypt
85%
Peru
85%
Cuba
69%
No matching quizzes found
Score Distribution
Percent of People with Each Score
Percentile by Number Answered
Your Score History
You have not taken this quiz